00450nam a22001697a 4500003000400000008004100004082001600045100002600061245007900087260003800166300000900204502001700213650001700230650001100247650001100258650001100269OSt260422b |||||||| |||| 00| 0 eng d a634.6bA62E aAnsari, Naushad Alam. aEffect of Growth-Substances and Zinc Sprays on Yield and Quality of Litchi aSabour, BhagalpurbBAC, RAUc1996 a84p. bM. Sc.d1996 aHorticulture aLitchi aThesis aM. Sc.